000 00348nam a22001457a 4500
020 _a978-81-318-0814-6
082 _a628.17
_bBAN/STR
100 _aBANSAL,R K
245 _aText book of strength of materials
250 _a4
260 _aNew Delhi
_bLaxmi Publications
_c2011
300 _a1106
650 _aStrenth of materials
942 _cBK
999 _c14029
_d14029